Countries Ending in E - Statistics

General Stats
  • This quiz has been taken 209 times
    172 since last reset
  • The average score is 9 of 15
Answer Stats
Hint Answer % Correct
South America Chile
91%
North America Belize
84%
South America Suriname
83%
Europe Greece
80%
Europe France
75%
Europe Ukraine
72%
Africa Zimbabwe
72%
Africa Mozambique
65%
Africa Sierra Leone
63%
Africa Cape Verde
62%
Africa Sao Tome
59%
Asia Singapore
50%
Africa Cote d'Ivoire
32%
Europe/Asia Türkiye
27%
Asia Timor-Leste
26%
No matching quizzes found
Score Distribution
Percent of People with Each Score
Percentile by Number Answered
Your Score History
You have not taken this quiz since the last reset